000 00626nam a2200193Ia 4500
003 GCL
008 140319s9999 xx 000 0 ara d
020 _a4115868977
040 _aGCL /
_cGCL
082 0 4 _a573.4
_bف ن
100 1 _aفوكوياما، فرانسيس
245 1 0 _aنهاية الانسان - عواقب الثورة البيوتكنولوجية /
_cفوكوياما، فرانسيس
260 _aالقاهرة :
_bسطور ،
_c2002
300 _a304 ص ؛
_c24 سم
650 0 4 _aحقوق الانسان
650 0 4 _aالعقاقير
650 0 4 _aالهندسة الوراثية
942 _2ddc
_cBK
999 _c5107
_d5107